| 000 | 01661nam a2200337 i 4500 | ||
|---|---|---|---|
| 999 |
_c65540 _d65540 |
||
| 001 | 768714001 | ||
| 003 | CO-MdFUSB | ||
| 005 | 20200417072149.0 | ||
| 007 | cr aa aaaaa | ||
| 008 | 200326t2017 sp ||||g |||| 00| 0 spa d | ||
| 020 | _a 9788425437199 | ||
| 040 |
_aCO-MdFUSB _bspa _cCO-MdFUSB _dCO-MdFUSBC _erda |
||
| 041 | _aspa | ||
| 082 |
_223 _a242 |
||
| 100 |
_a De Kempis, Tomás _eautor |
||
| 245 | 3 |
_aLa imitación de Cristo _c/ Tomás De Kempis _h[electrónico] |
|
| 264 | 1 |
_aEspaña : _bHerder, _c[2017] |
|
| 264 | 4 | _c© 2017 | |
| 300 |
_a135 páginas _c; |
||
| 336 |
_2rdacontent _atexto _btxt |
||
| 337 |
_2rdamedia _ainformático _bc |
||
| 338 |
_2rdacarrier _aremoto _bcr |
||
| 506 | _a | ||
| 506 | _aSolicitar clave y usuario para acceder al libro electrónico | ||
| 520 | _aLa imitación de Cristo es un clásico de la literatura mística y uno de los libros más traducidos después de la Biblia. Al teólogo, humanista y estilista mexicano Agustín Magaña Méndez se debe esta versión moderna en castellano. Se trata de un texto espiritual, redactado para monjes y frailes que viven según el ejemplo de Cristo, pero tuvo una amplia difusión en el seno de la Iglesia. La obra pone énfasis en la necesidad de una vida interior y retirada, así como en la importancia de la eucaristía y la devoción como centro de la vida cristiana. | ||
| 650 | 0 |
_919 _aVida cristiana |
|
| 856 |
_uhttp://search.ebscohost.com/login.aspx?direct=true&scope=site&db=nlebk&db=nlabk&AN=1544543 _b1544543 _zAbrir Versión electrónica del libro La imitación de Cristo |
||
| 942 | _cBK | ||
| 945 | _aJTF-925 | ||